ڿϢ

索取号 
N-2/1
题名 
ѧ
作者 
分册号 
分册名 
出版地 
出版者 
־
标准刊号 
1002-1299
出版频率 
¿
中图法分类 
N-2
主题词 
Ȼѧ
电子资源 
000 01831nas0 2200493 450
001 111999006632
005 20081009142503.23
011    @a1002-1299@d10.80;US$6.50(1998)@d10.80(2002)
091    @a11-4776
091    @a50-1073
091    @a51-1236
092    @aCN@b2-643
100    @a19951116a19789999m y0chiy0110 ea
101 @achi
102    @aCN@b110000
110    @aafaz 0yy0
200 @@9ke xue@dScientific American@@zeng@bڿ
205    @
207  0 @a2005.no.9-10@a1979,no.1(1979)- = 5-
210    @a@bи·15(ʱ100038)@@d1978-
215    @d29cm
300    @aϢ2002,no.2¼
300    @aÿΪѧˡİ
306    @aԭ棬Ǩ
307    @aߴԭΪ26cm
311    @aTranslation of:@aScientific American
314    @aɿѧϢġйѧ鱨죬йѧϢо
326    @a¿
327 @a̲оרⱨ@@aҵѧ@aѧϷ@aϢ붯̬
345    @a༭ַ:и·15(ʱ100038);Tel.:(010)68515384;Fax.:(010)68515384;E-mail:sciam@sina.com
454  1 @12001 @aScientific American
510 @aScientific American@zeng
517 @@AZhong Guo
606 @aȻѧ
610 @aȻѧ@a
690    @aN-2@v4
690    @aN@v4
701  0 @@9zhou guo zhen@4
701  0 @@9chen yuan shu@4
711 02 @aйѧϢо@9zhong guo ke xue ji shu xin xi yan jiu suo@4
711 02 @aѧϢ@9ke xue ji shu bu xi nan xin xi zhong xin@4
711 02 @aйѧ鱨@9zhong guo ke xue ji shu qing bao suo chong qing fen suo@4
801  0 @aCN@bNISOFT@c20081009@ddpy@ema@f20020227@ell@f20020528@gISBD(S)
905    @dN-2@e1
    
    ѧ=Scientific American.й[ڿ].-İ.-2005.no.9-101979,no.1(1979)- = 5-.-(и·15(ʱ100038))־磬1978-
    29cm
    Ϣ2002,no.2¼.-ÿΪѧˡİ.-༭ַ:и·15(ʱ100038);Tel.:(010)68515384;Fax.:(010)68515384;E-mail:sciam@sina.com!Tַ*.-ԣ
    ݣ̲оרⱨѧڣҵѧңѧϷϢ붯̬
    ISSN 1002-129910.80;US$6.50(1998)10.80(2002)
    
相关链接: 在中国知网中查询期刊 在万方数据查询期刊 在维普查询期刊